000 00700nam a2200229Ia 4500
001 15685
003 GE_BSU
008 181216s||||||||xx |||||||||||||| ||und||
040 _cGE_BSU
080 _a821.353.1-1
100 _aჩაჩუა, მიხეილ
245 _aგადაუხდელი ვალი
245 _bლექსები
245 _cრედ. მოსე გვასალია. მხ. ა.პილიკიანი
260 _aსოხუმი
260 _bალაშარა
260 _c1969
300 _a62გვ. ; 16სმ
653 _aგადაუხდელი ვალი
653 _aლექსები
942 _cBK
999 _c48783
_d48783